| 000 | 01188cam a2200157ua 4500 | ||
|---|---|---|---|
| 041 |
_aeng _h |
||
| 082 |
_a666.9 _bIND/SP |
||
| 110 | 1 |
_aIndian Standards Institution . _bISI _c(New Delhi ) |
|
| 245 |
_aSpecification for concrete pavers (7245-1974) / _cIndian Standards Institution. _hTextual Documents |
||
| 250 |
_a1 / _b. |
||
| 260 |
_aNew Delhi : _bIndian Standards Institution , _c1974. |
||
| 300 | _a9 ; . | ||
| 504 | _a | ||
| 942 | _cBK | ||
| 999 |
_c2594 _d2594 |
||